Mixed Word: Two-Word Countries Quiz Stats

 Plays Quiz Updated Jul 13, 2016

Challenge
Share
Tweet
Embed
Score 0/18 Timer 05:00
1 Play Today
Two-Word Country Unscrambled % Correct
LE RAVLDAOSEl Salvador
96.6%
WEN LAZEDANNew Zealand
94.7%
.TS CILUASt. Lucia
93.4%
OLMOOSN ANDLSISSolomon Islands
91.4%
DIMCONNIA PREBICULDominican Republic
91.2%
RIS KALANSri Lanka
90.1%
DAISU BIARAASaudi Arabia
88.8%
TACOS CAIRCosta Rica
88.3%
THORN RAKEONorth Korea
88%
Two-Word Country Unscrambled % Correct
BACO DEERVCabo Verde
85.7%
SHOUT FAIRACSouth Africa
82.8%
NSA RAMNOISan Marino
78.8%
RIERSA NEELOSierra Leone
76.1%
DUNETI DONGMIKUnited Kingdom
74.8%
DUNETI ESSATTUnited States
73.3%
BRANKUI SOFABurkina Faso
65.7%
LEAQIURAOT NAGEIUEquatorial Guinea
61.7%
SALMRALH SSLIADNMarshall Islands
59%

You're not logged in!

Compare scores with friends on all Sporcle quizzes.
Join for Free
OR
Log In

You Might Also Like...

Show Comments

Extras

Top Quizzes Today


Score Distribution

Your Account Isn't Verified!

In order to create a playlist on Sporcle, you need to verify the email address you used during registration. Go to your Sporcle Settings to finish the process.

Report this User

Report this user for behavior that violates our Community Guidelines.

Details: